000 00692nam a22002297a 4500
005 20170124105957.0
010 _aA-576041
020 _c50.00
035 _aA-576041
037 _bCen Lib/Ret
040 _aDPL
_bEN
082 _a080
_bTAG
100 _aTagore, Rabindranath
_914916
245 _aNationalism /
_cby Rabindranath Tagore
260 _aCalcutta
_bRupa and Co
_c1992
270 _a15 Bankim Chatterjee Street
_bCalcutta
_e700073
300 _a104p.
_c19cm(Hb)
500 _aIncludes bibliographic references and index
650 _aNationalities, Principle of
_914917
650 _aNational characteristics
_914918
942 _2ddc
_cEN
_h080
_mTAG
999 _c125604
_d125604